Performance of a few RRII clones in the estate trials (Record no. 64695)

MARC details
000 -LEADER
fixed length control field 00418nam a2200157Ia 4500
100 ## - MAIN ENTRY--AUTHOR NAME
Personal name Saraswathyamma C K
245 #0 - TITLE STATEMENT
Title Performance of a few RRII clones in the estate trials
260 ## - PUBLICATION, DISTRIBUTION, ETC. (IMPRINT)
Name of publisher Rubber Board Bulletin
Year of publication 1987
300 ## - PHYSICAL DESCRIPTION
Number of Pages 9-May
650 ## - SUBJECT ADDED ENTRY--TOPICAL TERM
Topical Term Clone performance
650 ## - SUBJECT ADDED ENTRY--TOPICAL TERM
Topical Term RRII clones
700 ## - ADDED ENTRY--PERSONAL NAME
Personal name George P J
700 ## - ADDED ENTRY--PERSONAL NAME
Personal name Panikkar A O N
942 ## - ADDED ENTRY ELEMENTS (KOHA)
Koha item type Journals
Holdings
Withdrawn status Lost status Damaged status Not for loan Home library Current library Shelving location Date acquired Serial Enumeration / chronology Koha item type
      Journals RRII Library RRII Library Botany 17/12/2021 Volume 23, Issue 2 Journals